000 00724nam a2200241 a 4500
999 _c695
_d695
008 191015s2015 ii a|||g |||| 001 0 eng d
020 _a9789332533530
_cRs. 575.00
040 _aKO
_beng
041 0 _aeng
044 _aii
082 0 4 _223
_a543.54
_bD679
100 1 _aDogra, S. K.
245 1 0 _aAtomic and Molecular Spectroscopy /
_cS. K. Dogra, H. S. Randhawa
260 _aNoida :
_bDorling Kindersley (India) Pvt Ltd,
_c2015
300 _axvi, 766 p. :
_bill. ;
_c23 cm.
504 _aIncludes index.
650 0 _aSpectrum analysis
_xAtomic spectroscopy
_vTextbooks
650 0 _aSpectrum analysis
_xSpectrum analysis
_vTextbooks
700 1 _aRandhawa, H. S.
_eaut
904 _aS_JOY
942 _cBK